000 00766nam a2200217Ia 4500
008 150520s9999 xx 000 0 und d
050 _aQD 1
050 _b.Ac185 2015
100 _aAcosta, Jayson R.
245 _aIn vitro of the antibacterial activity of unripe musa sapientum var. latundan (banana) fruit extract against staphylococcus aureus /
245 _cJayson R. Acosta, Regil Kent V. Batucan, Jossette I. Leguro, Alfrem Arsecor M. Otanes, Dhan Raymart Pua.
260 _aLas PiƱas, Philippines :
260 _bSISC,
260 _c2015.
300 _a66 pages :
300 _bcolor illustrations ;
300 _c28 cm.
500 _aIncludes bibliographical references and appendices.
650 _aBanana
650 _aStaphylococcus Aureus
999 _c284057
_d284057